[Event "INA-ROW m"]
[Site "Bali"]
[Date "1999.05.06"]
[Round "5"]
[White "Adianto, Utut"]
[Black "Johansen, Darryl Keith"]
[Result "1-0"]
[WhiteElo "2607"]
[BlackElo "2490"]
[Annotator "Tyomkin,D"]
[PlyCount "87"]
[EventDate "1999.05.??"]
[EventType "team"]
[EventRounds "8"]
[EventCountry "INA"]
[SourceTitle "CBM 071"]
[Source "ChessBase"]
[SourceDate "1999.08.01"]
[SourceVersion "1"]
[SourceVersionDate "1999.08.01"]
[SourceQuality "1"]

1. d4 e6 2. c4 f5 3. Nf3 Nf6 4. g3 Bb4+ 5. Nbd2 O-O 6. Bg2 d6 7. O-O Bxd2 8.
Bxd2 Qe7 9. c5 $5 $146 {This move doesn't allow black to lead e6-e5,as it's
usual.The correctness of this pawn sacrifice depends of position which is
getting out after 10...cxd4.} (9. Qc2 e5 10. dxe5 dxe5 11. b4 c5 12. bxc5 Nc6
13. Qb2 Ne4 14. Rad1 Nxd2 15. Nxd2 e4 16. Nb3 f4 17. Qc2 f3 18. exf3 exf3 19.
Rfe1 $16 {1-0 Salov,V-Kamsky,G/it 1991 (63)}) (9. Qb3 Kh8 10. Qa3 Ne4 11. Be3
Nd7 12. Nd2 e5 13. Nxe4 fxe4 14. Rad1 exd4 15. Bxd4 c5 16. Be3 Ne5 $132 {
1/2-1/2 Manninen,M-Akesson,R/Reykjavik zt 1995 (41)}) 9... dxc5 (9... Nc6 10.
b4 $14) ({Black can not play:} 9... e5 {because of} 10. Qb3+ Kh8 11. cxd6 cxd6
12. dxe5 dxe5 13. Bb4) 10. Rc1 Ne4 $6 (10... cxd4 11. Bf4 $1 (11. Nxd4 Rd8 12.
Nb3 e5 {[%cal Gc7c6,Yc8e6]}) 11... c5 12. e3 $44 dxe3 $140 13. Bd6 $16) 11.
dxc5 e5 (11... Nxc5 $2 12. Bg5 $1 Qd6 13. Qxd6 cxd6 14. Be7 $16 {[%csl Rd6,Rf8]
}) 12. Qb3+ Kh8 13. Rfd1 Nc6 14. Be1 a6 15. Qe3 $14 {[%cal Yb2b4] White
intends to advance his queenside pawns.} Be6 16. a3 Rae8 17. b4 Bc8 18. a4 Nf6
19. b5 axb5 20. axb5 Nd8 (20... Ng4 21. Qb3 Nd8 (21... Nd4 22. Nxd4 exd4 23. c6
$16) 22. c6 $1 bxc6 23. Bb4 Qf7 24. Qxf7 Rxf7 25. h3 Nf6 26. Nxe5 $18) (20...
Nd4 $2 21. Nxd4 exd4 22. Qxe7 Rxe7 23. c6 {[%cal Re1b4,Rc6b7]}) 21. Ba5 Ng4 $6
{Black has missed an attempt to create a counterplay by:} (21... f4 $142 22.
Qc3 {[%cal Gc5c6]} (22. gxf4 Ng4 $132)) 22. Qg5 Qf7 (22... e4 23. Qxe7 Rxe7 24.
c6 $1 {[%csl Rd8,Re7,Rf8][%cal Ga5b4]} exf3 25. exf3 $16) 23. h3 h6 24. Qh4 $16
Nf6 (24... Ne6 25. hxg4 fxg4 26. Nxe5 (26. Qxg4 Nf4 27. Qh4 Nxe2+ 28. Kh1 e4
29. Ng5 Qxf2 $36) 26... Qxf2+ 27. Kh1 Nf4 28. Qh2 Rxe5 29. gxf4 Rxe2 30. Rf1
Qe3 31. Bxc7 $18 {[%cal Gc7e5]}) {[%tqu "En","","","","d1d8","",10]} 25. Rxd8
$1 {[%mdl 64]} Rxd8 26. Nxe5 Qb3 (26... Qe8 27. Bxc7 Rd2 28. Qb4 $1 {[%csl Rd2,
Rf8][%cal Rc5c6,Ye5g6]} (28. c6 Ne4 (28... Nd5 29. Nc4 Qxe2 30. Nxd2 Qxd2 31.
Bf4 Nxf4 32. Qxf4 Qxf4 33. gxf4 bxc6 34. Bxc6 $18) 29. f3 Rf6 $1 {[%csl Rh4]
[%cal Rg7g5]} (29... Nf6 30. Qb4 $1 {[%csl Rd2][%cal Re5g6]}) 30. Qf4 (30. g4
$142) 30... Rxe2 31. fxe4 fxe4 $132) 28... Rxe2 29. c6 $18) 27. Ng6+ Kh7 28.
Nxf8+ Rxf8 29. Qc4 {White has a pawn up and completely winning position.Black
is losing another pawn on next move,but the ending is hopeless too.But,
probably, the better choice was to go to the ending anyway.} Qb2 $2 (29... Qxc4
30. Rxc4 Rf7 31. c6 (31. Rd4 Ne4 32. Rd8 Be6 33. c6 b6 {[%cal Ge6c4]} 34. Bxb6
$5 (34. Bb4 Bc4 35. Rd7 Kg8 $1) 34... cxb6 35. Bxe4 fxe4 36. Rb8 {Too early to
evaluate this ending,but two passed pawns of white are advanced very far.})
31... b6 32. Bb4 Be6 33. Rd4 $18 {[%cal Gf2f3,Ye2e4]}) 30. Bxc7 Be6 31. Qc2
Qxb5 32. Rb1 Qd7 33. Bd6 Rc8 34. Bxb7 (34. Rxb7 $2 Qxd6 {[%cal Rc8c2]}) 34...
Re8 35. Bf3 Bd5 36. Bxd5 Nxd5 37. Qd3 Nf6 38. g4 (38. Bf4 $18) 38... Ne4 39. f3
Ng5 40. h4 Nf7 41. Bf4 Qa7 42. Qxf5+ Kg8 43. Qc2 Qa6 44. c6 1-0

[Event "Montreal 1st"]
[Site "Montreal"]
[Date "2000.08.04"]
[Round "2"]
[White "Tyomkin, Dimitri"]
[Black "Schleifer, Michael"]
[Result "1-0"]
[WhiteElo "2522"]
[BlackElo "2364"]
[Annotator "Tyomkin,D"]
[PlyCount "95"]
[EventDate "2000.08.03"]
[EventType "tourn"]
[EventRounds "11"]
[EventCountry "CAN"]
[EventCategory "9"]
[SourceTitle "CBM 079"]
[Source "ChessBase"]
[SourceDate "2000.11.21"]
[SourceVersion "1"]
[SourceVersionDate "2000.11.21"]
[SourceQuality "1"]

1. d4 f5 2. g3 Nf6 3. Bg2 e6 4. c4 Bb4+ 5. Nd2 {The idea of black is to get
improved Nimzo-Indian structure with the early advance f7-f5. But white gets
the stable advantage in this line, as it was proved in games, which appeared
below.} Nc6 $146 {One of possible ways to develop pieces in this position. But,
of course, more logical was to castle first.} (5... O-O 6. Ngf3 b6 (6... a5 7.
O-O b6 8. Ne5 Ra7 9. Nb1 $5 {[%csl Rb4][%cal Gc4c5] The typical monouvre,
white removes the knight out of attack of black bishop, and intends to catch
it there.} Be7 10. Nc3 Bb7 11. d5 $14 {1-0 Gelfand,B-Knaak,R/Halle 1987/CBM 05
(37)}) (6... Qe8 7. O-O Nc6 8. d5 Nd8 $6 ({Black may accept the sac, but white
gets the pair of bishops as a compensation:} 8... exd5 9. cxd5 Ne7 (9... Nxd5
10. a3 (10. Qb3 Nce7 {and the compensation of white is not so clear.}) 10...
Bxd2 11. Qxd2 $44) 10. a3 Bxd2 11. Qxd2 Nexd5 12. b4 $44 {[%cal Gc1b2,Gf3d4]})
9. Nd4 a6 10. a3 (10. N2b3 $5 {trying to use b4-bishop.}) 10... Bc5 11. N2b3
Ba7 12. Qc2 Nf7 13. Bd2 Kh8 14. Rad1 $14 {[%csl Rc8] 1-0 Miles,A-Conquest,S/
Komotini 1992/CBM 32 ext (37)}) 7. Ne5 Ne4 8. O-O Bxd2 9. Bxd2 Bb7 10. Bc1 Qe7
11. b3 d6 12. Nd3 c5 13. Bb2 cxd4 14. Bxd4 $14 {1-0 Gelfand,B-Epishin,V/Wijk
aan Zee 1992/CBM 28 (38)}) 6. Ngf3 O-O 7. O-O Bxd2 (7... d6 8. Nb1 $1 $16 {
[%csl Rb4]} (8. Nb3 Na5 $5)) 8. Bxd2 {Probably, exacter capture was:} (8. Qxd2
{White has d4-d5 in time.} d6 9. d5 $14) 8... Ne4 $6 (8... d6 $142 9. Bg5 $5 {
[%cal Gd4d5]} (9. d5 exd5 10. cxd5 Nxd5 11. Qb3 Nce7 12. Rfd1 c6 {[%cal Gg8h8,
Yc8e6] and not clear how to go on with white.}) (9. b4 e5) 9... e5 {and black
has good chances to equalize.}) 9. d5 $1 exd5 (9... Ne7 10. dxe6 dxe6 11. Bf4
$16 {with very difficult forthcoming ending for black.}) 10. cxd5 Ne7 11. Qb3
d6 (11... Nxd2 12. Nxd2 d6 13. Rac1 {[%cal Rb3c3]} Ng6 14. Rc3 $16 {[%csl Rc7]
[%cal Gf1c1,Yb3c2]}) 12. Rac1 $16 {Position of black is very difficult:
weakness on c7, and unability to develop pieces are painful.} h6 13. Rfd1 {
The rook will be used for protection of d5-pawn.} Kh8 14. Be1 {[%cal Gf3d4]} c5
{Otherwise white moves the knight to d4, following by Nb5 or Qc2, and the end
will be very quick for black.} 15. dxc6 bxc6 16. Nd4 {White has couple of good
moves to win one of black pawns. Probably the best was 16.Nd2, but the move I
made also leads to the winning position.} (16. Ne5 Qe8 17. Bxe4 dxe5 $16) (16.
Nd2 $142 $1 $16) 16... Qd7 (16... Qe8 17. Qc2 (17. Ne6 Bxe6 18. Qxe6 Rf6) 17...
Rb8 18. b3 Bd7 19. Nxf5 $16) 17. Qc2 $1 {[%csl Rc6,Rf5] Double attack.} Bb7 18.
Nxf5 Nxf5 19. Bxe4 Rae8 20. Bxf5 $1 {This is the transformation to the winning
position for white with the opposite bishops.} Rxf5 21. Rxd6 $1 Qxd6 22. Qxf5
Rxe2 23. Bc3 {[%cal Rf5f7] This position I managed to get playing 20.Bxf5. In
addition to the pawn up, white has an attack on the black king.} Qe7 24. Qg6 {
Delaying the end of the game for a long time. 24.Rd1 gave white quicker win.} (
24. Rd1 $142 {[%cal Gd1d7]} Re6 (24... Qe6 25. Qf8+ Qg8 26. Bxg7+) 25. Qg4 $1
$18 {[%cal Rg4g7,Rc3g7]} Kh7 26. Qxg7+ Qxg7 27. Bxg7 {This ending is much
better then I've got in the game.}) 24... Qf8 (24... Kg8 25. Rd1 {[%cal Rd1d8]}
Qf8 26. Rd8 Re1+ 27. Kg2 c5+ 28. Kh3 Bc8+ 29. g4 Bxg4+ 30. Qxg4 {No tricks for
black anymore.}) 25. Qxh6+ Kg8 26. Qf4 $8 Qxf4 27. gxf4 c5 28. Rd1 {[%cal
Gd1d7]} Re7 29. h3 {[%cal Gg1h2,Gh2g3]} Kf7 30. Kh2 Kg6 31. Rg1+ Kf5 (31... Kh6
32. Rg5 Rc7 33. Re5 $18 {[%cal Gh2g3,Yf4f5,Yg3f4]}) 32. Bxg7 Kxf4 33. Bf8 Re2
34. Bxc5 Rxb2 35. Rg4+ Kf3 36. Rg3+ Kf4 37. Rg7 Kf3 38. Rg3+ Kf4 39. Be3+ Kf5
40. Rg5+ Ke4 41. Ra5 a6 42. h4 Kf3 43. Rf5+ Kg4 (43... Ke4 44. Rf4+ Ke5 45. h5
Rxa2 46. h6 Ra1 47. f3 $18) 44. Rf4+ Kh5 45. Kg3 Rb1 46. f3 {[%cal Rf4f6]} Kg6
47. h5+ $1 Kg7 (47... Kxh5 48. Rf6 {[%csl Rh5]}) 48. h6+ $1 (48. h6+ $1 Kg8 (
48... Kg6 49. Rg4+ Kh7 50. Rg7+ Kh8 51. Bd4) 49. Rg4+ Kh8 50. Rg7 $18 {[%cal
Ge3d4]}) 1-0

[Event "Excelsior Cup"]
[Site "Gothenburg"]
[Date "1999.01.08"]
[Round "2"]
[White "Astrom, Robert"]
[Black "Ulybin, Mikhail"]
[Result "0-1"]
[WhiteElo "2462"]
[BlackElo "2552"]
[Annotator "Tyomkin,D"]
[PlyCount "110"]
[EventDate "1999.01.07"]
[EventType "tourn"]
[EventRounds "9"]
[EventCountry "SWE"]
[EventCategory "10"]
[SourceTitle "CBM 069"]
[Source "ChessBase"]
[SourceDate "1999.04.01"]
[SourceVersion "1"]
[SourceVersionDate "1999.04.01"]
[SourceQuality "1"]

1. d4 e6 2. Nf3 f5 3. g3 Nf6 4. Bg2 d5 5. O-O Bd6 6. c4 c6 7. Bf4 Bxf4 8. gxf4
O-O 9. e3 Ne4 {The favorite variation of Ulibin.This kind of position needs
very deep understanding.There was very good survey of Kramnik in one of
Dvoretzky's books were he explained these positions.} 10. Nbd2 Nd7 (10... Qe7
11. Qc2 (11. Ne5 Nd7 12. Nxe4 fxe4 13. Rc1 Nxe5 14. fxe5 Bd7 {and black is ok.
Koniushkov,I-Ulibin,M/Ekaterinburg 1997/CBM 57 ext/0-1(45)}) 11... Nd7 12. Rac1
Kh8 13. Kh1 Rf6 14. Ng5 Nxd2 15. Qxd2 $14 {Namgilov,S-Ulibin,M/Elista 1995/CBM
50/1/2-1/2 (59)}) 11. Nxe4 fxe4 12. Nd2 (12. Ng5 Nf6 13. f3 h6 14. Nh3 exf3 15.
Qxf3 Ne4 16. Qe2 Nd6 17. b3 $14 {Levitt,J-Porper,E/Badenweiler 1990/GER/1-0 
(72)}) 12... Nf6 $146 (12... Qe7 13. Kh1 Nf6 14. f3 exf3 15. Nxf3 Bd7 16. Ne5
Be8 17. Qb3 Bh5 18. cxd5 exd5 19. e4 $36 {Hertneck,G-Narciso Dublan,M/Berlin
1998/CBM 66 ext/1/2-1/2(59)}) 13. f3 exf3 14. Nxf3 Qe7 15. Qe2 Bd7 16. Ne5 Be8
{[%cal Gf6d7,Ye8g6] Standart path of black's bishop.After change of knights
black's bishops becomes stronger then his opponent on-g2.} 17. Bf3 Nd7 18. Nxd7
Qxd7 19. b4 Bg6 20. a4 Bf5 21. b5 a6 22. bxc6 $6 {[%mdl 32]} (22. b6 $5 {
and then c4-c5 trying to close queenside.Then white can concentrate pieces on
the kingside by:Kh1,Rf1-g1-g3,Ra1-g1.White should be not worse.}) 22... bxc6
$15 {/-/+ Now black is getting b-file for his rooks.b1-square is under control
of Bf5.} 23. a5 Rfb8 24. Kh1 Rb3 25. Rfc1 h6 26. Qe1 Rab8 27. Rc3 Rb2 28. Rac1
R8b7 29. cxd5 {White isn't holding the pressure and starting an action.} cxd5
30. e4 dxe4 31. Bxe4 {[%tqu "En","Rb7 is attacked.What black can do?","","",
"d7d4","",10]} Qxd4 $1 {[%mdl 64]} 32. Bxf5 (32. Bxb7 Rxb7 33. Qe3 (33. Rc4
Qd5+ 34. Kg1 Rb2 35. Qg3 Be4 $19 {[%cal Rb2g2]}) 33... Qd5+ 34. Kg1 Rb2 35. Qf3
Be4 $19) 32... exf5 33. Qe6+ Rf7 $1 34. Rc7 (34. Rc8+ Kh7 35. Qxf7 $4 Qe4+ {
mating.}) 34... Qe4+ 35. Qxe4 fxe4 36. Rxf7 Kxf7 $19 {[%mdl 4096] This rook
ending is easily winning for black.Kf7 is much more active than the opponent.}
37. Rc6 $6 (37. Rc5 $1 Rf2 $1 $19 (37... e3 38. Re5 e2 39. Kg1 Rb1+ 40. Kf2
e1=Q+ 41. Rxe1 Rxe1 42. Kxe1 {This pawn ending is drawing.} Kf6 (42... Ke6 43.
Ke2 Kd5 44. Kf3 Kd4 45. Kg4 Ke4 $11) 43. Kf2 Kf5 44. Kf3 h5 45. h3 $11) 38. f5
e3 39. Kg1 Kf6 40. Rc3 Rf3 41. Kg2 e2 $1) (37. Rc7+ Kf6 38. Rc6+ Kf5 39. Kg1 (
39. Rxa6 e3 40. Kg1 Rb1+ $19) 39... Kxf4 40. Rxa6 Kf3 41. h4 e3 $19) 37... e3 {
The rest was easy job for black} 38. Rc1 Kf6 39. Re1 e2 40. Kg2 Kf5 41. Kf3 Ra2
42. Rc1 Rxa5 43. Kxe2 Kxf4 44. Rc4+ Kf5 45. Rc7 g5 46. h4 Kg4 $1 {One g-pawn
is much better then two h-pawns.} 47. hxg5 hxg5 48. Kf2 Ra2+ 49. Kg1 a5 50. Rc8
a4 51. Rc4+ Kg3 52. Rc3+ Kh4 53. Rc4+ g4 54. Rc3 a3 55. Kh1 g3 0-1

[Event "Balatonbereny GM"]
[Site "Balatonbereny"]
[Date "1996.??.??"]
[Round "2"]
[White "Horvath, Csaba"]
[Black "Wach, Markus"]
[Result "1-0"]
[WhiteElo "2540"]
[BlackElo "2380"]
[Annotator "Wach,M"]
[PlyCount "119"]
[EventDate "1996.06.13"]
[EventType "tourn"]
[EventRounds "11"]
[EventCountry "HUN"]
[EventCategory "11"]
[SourceTitle "CBM 055"]
[Source "ChessBase"]
[SourceDate "1996.12.01"]
[SourceVersion "1"]
[SourceVersionDate "1996.12.01"]
[SourceQuality "1"]

1. d4 f5 2. g3 Nf6 3. Bg2 e6 4. c4 Bb4+ 5. Nd2 O-O 6. Ngf3 b6 7. a3 (7. O-O Bb7
8. a3 Bxd2 9. Qxd2 Be4 $6 10. b4 d6 11. Bb2 Nbd7 12. Rfd1 Qe7 13. Rac1 $14 {
Baburin,A-Heidenfeld,M/Kilkenny op-A(6) 1994}) 7... Bxd2+ 8. Nxd2 d5 9. cxd5
exd5 10. O-O Bb7 11. Nf3 c5 12. dxc5 bxc5 13. b4 $1 c4 (13... Nbd7 14. bxc5
Nxc5 15. Nd4 $14) 14. Bg5 Qe8 15. Bxf6 Rxf6 16. Qd4 (16. e3 $14) 16... Qe4 17.
Qd2 Nd7 18. Rfd1 Nb6 19. a4 Rd8 20. Nd4 Qe7 21. b5 Kh8 22. e3 $16 Nc8 23. Qa5
Rd7 24. Ra2 Qc5 25. Qc3 Rd8 26. Rad2 Nb6 27. a5 Nc8 28. Rb1 Nd6 29. a6 Ba8 30.
Qa5 Rc8 31. Qb4 Ne4 32. Rc2 Qxb4 33. Rxb4 g6 34. Bxe4 fxe4 35. Kf1 Rb8 36. Rbb2
g5 37. Kg2 Kg7 38. h3 Kf7 39. Ra2 Ke7 40. Ra5 Kd6 41. Rb2 Rb6 42. g4 Kc7 43.
Rc2 h5 44. gxh5 Rh6 45. Ra1 Rxh5 46. Rg1 Rg6 47. Kg3 Rgh6 48. Kg4 Rxh3 49. Kf5
Kb6 50. Rxg5 R6h5 51. Rb2 Rxg5+ 52. Kxg5 Rh1 53. Kf6 Rh6+ 54. Ke5 Kc5 55. Ne6+
Rxe6+ $2 (55... Kb6 $142 {Weiß muß ums Remis kämpfen.}) 56. Kxe6 c3 57. Rb1 d4
(57... Kc4 58. Kd6 c2 59. Rc1 Kc3 60. Kc7 d4 61. exd4 Kd2 62. Rxc2+ Kxc2 63.
Kb8 Bd5 64. Kxa7 $18) 58. exd4+ Kxd4 59. Rd1+ Kc4 60. Rd8 1-0

[Event "SWE-ch"]
[Site "Linkoping"]
[Date "2001.07.10"]
[Round "9"]
[White "Akesson, Ralf"]
[Black "Karlsson, Lars"]
[Result "0-1"]
[WhiteElo "2481"]
[BlackElo "2476"]
[Annotator "Ziegler,A"]
[PlyCount "62"]
[EventDate "2001.06.30"]
[EventType "tourn"]
[EventRounds "13"]
[EventCountry "SWE"]
[EventCategory "8"]
[SourceTitle "CBM 085"]
[Source "ChessBase"]
[SourceDate "2001.11.13"]
[SourceVersion "1"]
[SourceVersionDate "2001.11.13"]
[SourceQuality "1"]

1. d4 f5 2. g3 Nf6 3. Bg2 e6 {Det är inte nödvändigt att tillåta schacken på
b4 med c4 nu. Men Ralf känner Lars och kände nog på sig att schacken kunde
komma och tyckte kanske att schacken inte är bra.} 4. c4 Bb4+ 5. Nd2 O-O 6.
Ngf3 d6 7. O-O Bxd2 8. Bxd2 Qe8 9. c5 dxc5 10. Rc1 {[#] Ett spännande drag!} (
10. dxc5 e5 {Spelades mellan Zilberstein-Naumkin i Moskva 1990.}) 10... Ne4 11.
Ne5 Nd7 12. Bf4 Ndf6 13. dxc5 Nd5 14. Qd4 Nxf4 15. gxf4 {Vit är både
centraliserad och välutvecklad, alltså står han bättre.} Nf6 16. c6 $6 ({
Det fanns bara en pjäs kvar att centrera:} 16. Rfd1 $1 {Svart kan inte spela
Ld7, ej heller kan han spela ...c6 eftersom d6-fältet blir kraftigt försvagat.
Kvar återstår små pseudodrag, så i valet mellan dåliga alterantiv blir nog
svart tvungen att spela ...c6 ändå.}) 16... b6 17. Bf3 (17. Rfd1 $1) ({Ett
annat alternativ var även:} 17. Rc3 {för att kunna operera längs tredje raden.}
) 17... Qe7 18. Rcd1 a5 19. Rd2 a4 20. Rfd1 Nd5 21. Bxd5 exd5 {[#]} 22. Kh1 $2
({Vit hade chansen att frukta skörden...} 22. Qxd5+ Be6 23. Qf3 {Svart kan
knappast slå på a2 och tillåta Td7,} Rfd8 24. a3 {Och vit borde kunna
realisera fördelen.}) 22... Be6 23. Rc2 Ra5 24. Rc3 Rb5 25. Rg1 Rb4 26. Rxg7+ {
[#]} Kxg7 27. Rg3+ Kh6 28. Rh3+ Kg7 29. Rg3+ Kh6 30. Qe3 $4 {Det är sånt här
som händer när man har en dålig turnering. Man blir osäker och tänker länge,
hamnar i tidsnöd, vill vinna, får någon form av chans, det är egentligen remi,
men vänta lite nu, vinner jag inte? Och så gör man det där vansinnesdraget.}
Rf6 $1 ({Ralf såg nog:} 30... Rg8 31. Rxg8 Bxg8 32. Ng4+ {Med damvinst.}) 31.
Rg1 Rg6 0-1